[Event "Wichern op 6th"]
[Site "Hamburg"]
[Date "2001.10.20"]
[Round "8.60"]
[White "Neyer, Guenter"]
[Black "Badih, Richard Ernest"]
[Result "0-1"]
[WhiteElo "1873"]
[BlackElo "1667"]
[PlyCount "70"]
[EventDate "2001.10.21"]
[EventType "swiss"]
[EventRounds "9"]
[EventCountry "GER"]
[SourceTitle "EXT 2002"]
[Source "ChessBase"]
[SourceDate "2001.11.25"]
[SourceVersion "1"]
[SourceVersionDate "2001.11.25"]
[SourceQuality "1"]

1. d4 d5 2. Nf3 Nc6 3. Bf4 Bg4 4. Nbd2 e6 5. h3 Bh5 6. e3 Bd6 7. Bxd6 cxd6 8. c4 dxc4 9. Bxc4 d5 10. Be2 Bg6 11. a3 Nge7 12. 0-0 0-0 13. b4 Rc8 14. Nb3 b6 15. Bd3 f6 16. Rc1 e5 17. Bxg6 Nxg6 18. b5 Nce7 19. Rxc8 Qxc8 20. dxe5 fxe5 21. Qa1 Qc4 22. Nbd2 Qxb5 23. Nxe5 Rc8 24. Nxg6 Nxg6 25. Rc1 Rxc1+ 26. Qxc1 Qd3 27. Nf3 Qc4 28. Qb2 Qc7 29. Qb5 Qc1+ 30. Kh2 Qxa3 31. Qxd5+ Kh8 32. Ng5 Qf8 33. Nf7+ Kg8 34. Nh6+ Kh8 35. Qg8+ Qxg8 0-1

[Event "Wichern op 6th"]
[Site "Hamburg"]
[Date "2001.10.15"]
[Round "3.61"]
[White "Badih, Richard Ernest"]
[Black "Becker, Thomas"]
[Result "1/2-1/2"]
[WhiteElo "1667"]
[BlackElo "1888"]
[PlyCount "33"]
[EventDate "2001.10.21"]
[EventType "swiss"]
[EventRounds "9"]
[EventCountry "GER"]
[SourceTitle "EXT 2002"]
[Source "ChessBase"]
[SourceDate "2001.11.25"]
[SourceVersion "1"]
[SourceVersionDate "2001.11.25"]
[SourceQuality "1"]

1. c4 e5 2. Nc3 Nf6 3. g3 c6 4. d4 exd4 5. Qxd4 d5 6. cxd5 cxd5 7. Bg2 Nc6 8. Qa4 Be7 9. Bg5 0-0 10. Bxf6 Bxf6 11. Nxd5 Bxb2 12. Rd1 Be6 13. Nh3 Re8 14. Nhf4 Rc8 15. 0-0 Bxd5 16. Rxd5 Qe7 17. Rfd1 1/2-1/2

[Event "Lucky op 2nd"]
[Site "Hamburg"]
[Date "1999.10.21"]
[Round "8"]
[White "Laube, Janina"]
[Black "Badih, Richard Ernest"]
[Result "1-0"]
[WhiteElo "1031"]
[BlackElo "1300"]
[PlyCount "83"]
[EventDate "1999.10.??"]
[EventType "swiss"]
[EventRounds "9"]
[EventCountry "GER"]
[SourceTitle "EXT 2001"]
[Source "ChessBase"]
[SourceDate "2000.11.22"]
[SourceVersion "1"]
[SourceVersionDate "2000.11.22"]
[SourceQuality "1"]

1. d4 d5 2. c4 e6 3. Nc3 Nf6 4. Bg5 Nbd7 5. e3 Be7 6. Nf3 Nb6 7. cxd5 Nfxd5 8. Bxe7 Nxe7 9. e4 0-0 10. Bd3 Bd7 11. 0-0 Qe8 12. Re1 Na4 13. Nxa4 Bxa4 14. b3 Bb5 15. Rc1 Bxd3 16. Qxd3 c6 17. e5 Nd5 18. Ng5 g6 19. h4 h6 20. Nh3 Nb4 21. Qd2 Qe7 22. a3 Nd5 23. Qxh6 f6 24. Qxg6+ Qg7 25. Qxg7+ Kxg7 26. exf6+ Rxf6 27. Re5 Nf4 28. Nxf4 Rxf4 29. g3 Rxd4 30. Rxe6 Rf8 31. Re7+ Rf7 32. Rxf7+ Kxf7 33. Rc4 Rd8 34. Rb4 b6 35. a4 Rd5 36. Rc4 c5 37. Kg2 Rd3 38. b4 Rd5 39. bxc5 Rxc5 40. Rxc5 bxc5 41. Kf3 Ke6 42. Ke4 1-0

[Event "Lucky op 2nd"]
[Site "Hamburg"]
[Date "1999.10.20"]
[Round "7"]
[White "Badih, Richard Ernest"]
[Black "Goetz, Katharina"]
[Result "0-1"]
[WhiteElo "1300"]
[BlackElo "1544"]
[PlyCount "70"]
[EventDate "1999.10.??"]
[EventType "swiss"]
[EventRounds "9"]
[EventCountry "GER"]
[SourceTitle "EXT 2001"]
[Source "ChessBase"]
[SourceDate "2000.11.22"]
[SourceVersion "1"]
[SourceVersionDate "2000.11.22"]
[SourceQuality "1"]

1. e4 c6 2. d4 d5 3. e5 Bf5 4. c4 e6 5. Nc3 Ne7 6. Bg5 h6 7. Bh4 Qb6 8. Qd2 dxc4 9. Bxc4 Nd5 10. Bxd5 cxd5 11. Nge2 Nc6 12. Na4 Qc7 13. Nec3 Nb4 14. 0-0 Nd3 15. Bg3 Be7 16. Bf4 0-0 17. Ne2 Bb4 18. Qe3 Qc2 19. b3 b5 20. Nc5 Nxc5 21. Rfc1 Qd3 22. dxc5 Rac8 23. a3 Bxc5 24. Rxc5 Rxc5 25. Qxc5 Qxe2 26. Qxa7 Rc8 27. h3 Qb2 28. Rf1 Qxb3 29. Bd2 Rc4 30. Bb4 Bxh3 31. Qe3 Qxe3 32. fxe3 Bf5 33. Rf4 Be4 34. Kf2 Rc2+ 35. Kg3 Rxg2+ 0-1

[Event "Lucky op 2nd"]
[Site "Hamburg"]
[Date "1999.10.18"]
[Round "5"]
[White "Kellner, Juergen"]
[Black "Badih, Richard Ernest"]
[Result "1/2-1/2"]
[WhiteElo "1499"]
[BlackElo "1300"]
[PlyCount "103"]
[EventDate "1999.10.??"]
[EventType "swiss"]
[EventRounds "9"]
[EventCountry "GER"]
[SourceTitle "EXT 2001"]
[Source "ChessBase"]
[SourceDate "2000.11.22"]
[SourceVersion "1"]
[SourceVersionDate "2000.11.22"]
[SourceQuality "1"]

1. e4 e5 2. Nf3 Nc6 3. Bb5 a6 4. Ba4 b5 5. Bb3 Bc5 6. c3 d6 7. h3 Nf6 8. 0-0 h6 9. d4 Bb6 10. Re1 0-0 11. Bc2 Bb7 12. Be3 Nd7 13. Nbd2 Qf6 14. Nf1 Ne7 15. N1h2 c6 16. dxe5 Qe6 17. exd6 Bxe3 18. Rxe3 Nc8 19. Bb3 Qe8 20. e5 Nc5 21. Bc2 Qe6 22. b4 Nd7 23. Nd4 Qe8 24. Qh5 Ncb6 25. Rae1 Nd5 26. Rf3 N5f6 27. Qh4 c5 28. Rfe3 cxd4 29. cxd4 Nd5 30. Rg3 Kh8 31. Ng4 Qd8 32. Qh5 Qg5 33. Qxg5 hxg5 34. e6 fxe6 35. Be4 N7f6 36. Ne5 Nxe4 37. Ng6+ Kg8 38. Rxe4 Nf4 39. Ne7+ Kh7 40. Re5 Rf6 41. Kf1 Bd5 42. Rexg5 g6 43. Rc3 Bc4+ 44. Ke1 Nd5 45. Rcg3 Nxe7 46. dxe7 Re8 47. h4 Rxe7 48. Rh3 Rf5 49. Rg4 Bxa2 50. Rhg3 Rd5 51. Rh3 Bb1 52. Ra3 1/2-1/2

[Event "Lucky op 2nd"]
[Site "Hamburg"]
[Date "1999.10.15"]
[Round "1"]
[White "Badih, Richard Ernest"]
[Black "Heffter, Matthias"]
[Result "1-0"]
[WhiteElo "1300"]
[BlackElo "1590"]
[PlyCount "117"]
[EventDate "1999.10.??"]
[EventType "swiss"]
[EventRounds "9"]
[EventCountry "GER"]
[SourceTitle "EXT 2001"]
[Source "ChessBase"]
[SourceDate "2000.11.22"]
[SourceVersion "1"]
[SourceVersionDate "2000.11.22"]
[SourceQuality "1"]

1. e4 e5 2. Nf3 Nc6 3. d4 exd4 4. Nxd4 Nf6 5. Nc3 Bc5 6. Be3 Bb4 7. Nde2 Nxe4 8. Qd3 Nxc3 9. Nxc3 Qf6 10. Qe4+ Qe7 11. Bd2 Qxe4+ 12. Nxe4 Bxd2+ 13. Kxd2 0-0 14. Bd3 d6 15. h3 Bd7 16. Rhe1 Rae8 17. Re3 Nb4 18. Rg3 Nxd3 19. Nf6+ Kh8 20. Nxe8 Nxb2 21. Nxg7 Nc4+ 22. Kc3 Nb6 23. Nh5 f6 24. Re1 Nd5+ 25. Kc4 c6 26. Kb3 Be8 27. Ng7 Bf7 28. Ka3 Bg6 29. c4 Nb6 30. Re7 Rb8 31. Kb4 a5+ 32. Kc3 Na4+ 33. Kd4 Nb6 34. c5 Nc8 35. Rd7 d5 36. Ne6 Na7 37. Rd8+ Rxd8 38. Nxd8 Nb5+ 39. Ke3 d4+ 40. Kd2 d3 41. f4 Nd4 42. f5 Ne2 43. fxg6 Nxg3 44. gxh7 Ne4+ 45. Kxd3 Nxc5+ 46. Kc4 b6 47. Nxc6 Kxh7 48. Nxa5 Kg6 49. Kb5 f5 50. Nc4 f4 51. Nxb6 Nd3 52. a4 Ne1 53. Nd5 Nxg2 54. Nxf4+ Nxf4 55. a5 Nxh3 56. a6 Nf4 57. Kb6 Kf7 58. a7 Nd5+ 59. Kb7 1-0